[Event "Banff op"]
[Site "Banff"]
[Date "2023.11.10"]
[Round "2"]
[White "Zhu, Brandon"]
[Black "Piasetski, Leon David"]
[Result "1/2-1/2"]
[WhiteElo "1998"]
[BlackElo "2176"]
[PlyCount "108"]
[EventDate "2023.11.10"]
[EventType "swiss"]
[EventRounds "6"]
[EventCountry "CAN"]
[SourceTitle "CB47_2023"]
[SourceDate "2023.11.22"]
[SourceVersion "1"]
[SourceVersionDate "2023.11.22"]
[SourceQuality "1"]

1. d4 Nf6 2. Nc3 d5 3. Bf4 c6 4. Nf3 Bf5 5. e3 e6 6. Ne5 h5 7. Bd3 Nbd7 8. Bxf5 exf5 9. Qd3 g6 10. 0-0 Nxe5 11. dxe5 Nd7 12. f3 Nc5 13. Qe2 Qb6 14. Rab1 Ne6 15. Kh1 Bg7 16. Bg3 0-0 17. Qd2 Qc7 18. e4 dxe4 19. fxe4 Rad8 20. Qf2 f4 21. Bxf4 Nxf4 22. Qxf4 Bxe5 23. Qg5 Bxh2 24. Ne2 Be5 25. Nf4 Bg7 26. Nd3 Rfe8 27. Rbe1 Rd4 28. Rf4 Qe7 29. Qg3 c5 30. c3 Rd7 31. e5 h4 32. Qh3 b6 33. Rfe4 Qe6 34. Qe3 Qf5 35. Nf2 Rxe5 36. Rxe5 Bxe5 37. Qxe5 Qxf2 38. Re2 Qf5 39. Re1 Qf2 40. Re2 Rd1+ 41. Kh2 Qg3+ 42. Qxg3 hxg3+ 43. Kxg3 Rd7 44. a4 f6 45. a5 Kf7 46. axb6 axb6 47. Kf4 b5 48. g4 Rd3 49. g5 b4 50. cxb4 cxb4 51. gxf6 Kxf6 52. Re4 b3 53. Rb4 Rh3 54. Kg4 Ke5 1/2-1/2

[Event "Canadian op"]
[Site "Calgary"]
[Date "2023.07.29"]
[Round "9"]
[White "Yang, Jingyun Ryan"]
[Black "Zhu, Brandon"]
[Result "1/2-1/2"]
[WhiteElo "2077"]
[BlackElo "1935"]
[PlyCount "103"]
[EventDate "2023.07.22"]
[EventType "swiss"]
[EventRounds "10"]
[EventCountry "CAN"]
[SourceTitle "EXT 2024"]
[Source "ChessBase"]
[SourceDate "2023.10.10"]
[SourceVersion "1"]
[SourceVersionDate "2023.10.10"]
[SourceQuality "1"]

1. e4 e6 2. d4 d5 3. e5 c5 4. c3 Nc6 5. Nf3 Bd7 6. Na3 cxd4 7. cxd4 Bxa3 8. bxa3 Qa5+ 9. Qd2 Qxd2+ 10. Bxd2 Nge7 11. Bd3 0-0 12. Rb1 b6 13. 0-0 Rac8 14. Rfc1 f6 15. exf6 gxf6 16. Re1 Kg7 17. h4 h5 18. a4 Ng6 19. Rb3 Rfe8 20. Bc3 Kf7 21. g3 Rc7 22. Kg2 Rg8 23. Kh2 Nge7 24. Ng1 Na5 25. Bxa5 bxa5 26. f4 Bxa4 27. Ra3 Bc2 28. Be2 Bg6 29. Rxa5 Nf5 30. Ra4 Nxg3 31. Bf3 Nf5 32. Kh3 Rb8 33. Ne2 Rb2 34. Ng3 Nxg3 35. Kxg3 Rb6 36. Re3 Kg7 37. Rea3 Rbb7 38. Ra6 Re7 39. Re3 Bf7 40. Re1 f5 41. Rg1 Rb2 42. Rg2 Rxg2+ 43. Kxg2 Rc7 44. Kf2 Kf8 45. Be2 Ke7 46. Ra3 Be8 47. Ke3 Kf6 48. Kf2 Rb7 49. Rb3 Rc7 50. Re3 Rb7 51. Rb3 Rc7 52. Ra3 1/2-1/2

[Event "Canadian op"]
[Site "Calgary"]
[Date "2023.07.25"]
[Round "5"]
[White "Reprintsev, Alexander"]
[Black "Zhu, Brandon"]
[Result "1-0"]
[WhiteElo "2225"]
[BlackElo "1935"]
[PlyCount "89"]
[EventDate "2023.07.22"]
[EventType "swiss"]
[EventRounds "10"]
[EventCountry "CAN"]
[SourceTitle "EXT 2024"]
[Source "ChessBase"]
[SourceDate "2023.10.10"]
[SourceVersion "1"]
[SourceVersionDate "2023.10.10"]
[SourceQuality "1"]

1. e4 e5 2. Nf3 Nc6 3. Bc4 Nf6 4. Ng5 d5 5. exd5 Na5 6. Bb5+ c6 7. dxc6 bxc6 8. Bd3 h6 9. Ne4 Nd5 10. Ng3 Nf4 11. Be4 f5 12. Nxf5 Bxf5 13. Bxf5 Nxg2+ 14. Kf1 Nf4 15. d3 Qf6 16. Qg4 g6 17. Bxf4 gxf5 18. Qh5+ Kd7 19. Bd2 Nb7 20. Rg1 Bc5 21. Rg6 Qf7 22. Rg5 Qe7 23. Rg3 f4 24. Rg4 Rhg8 25. Nc3 Rg5 26. Rxg5 Qxg5 27. Qh3+ Kc7 28. Ne4 Qg7 29. Ba5+ Bb6 30. Bc3 Nd8 31. Qg2 Qe7 32. Ke2 Kb7 33. Rg1 Ne6 34. Bxe5 f3+ 35. Qxf3 Rf8 36. Qg4 h5 37. Qg3 h4 38. Qg4 Ka6 39. Kd1 Re8 40. Bd6 Qf7 41. Qg6 Qf3+ 42. Kc1 Bxf2 43. Qxe8 Bxg1 44. Qxc6+ Bb6 45. Nc5+ 1-0

[Event "Banff op"]
[Site "Banff"]
[Date "2022.11.12"]
[Round "4"]
[White "Zhu, Brandon"]
[Black "Yang, Jingyun Ryan"]
[Result "1-0"]
[WhiteElo "2025"]
[BlackElo "2032"]
[PlyCount "131"]
[EventDate "2022.11.11"]
[EventType "swiss"]
[EventRounds "6"]
[EventCountry "CAN"]
[SourceTitle "CBM 211 Extra"]
[Source "ChessBase"]
[SourceDate "2023.01.31"]
[SourceVersion "1"]
[SourceVersionDate "2023.01.31"]
[SourceQuality "1"]

1. d4 Nf6 2. Nf3 e6 3. Bf4 d5 4. e3 Bd6 5. Bd3 Bxf4 6. exf4 0-0 7. Nc3 c5 8. dxc5 Qc7 9. Ne5 Nbd7 10. Qe2 Nxc5 11. 0-0-0 a6 12. g4 b5 13. g5 Nfe4 14. Bxe4 dxe4 15. Rhg1 Bb7 16. a3 Rad8 17. Rg3 Nd7 18. Nxd7 Rxd7 19. Rxd7 Qxd7 20. Nxe4 Qd4 21. Re3 Bxe4 22. Rxe4 Qd5 23. b3 Qc5 24. Kb2 Rd8 25. Qe3 Qc6 26. Rd4 Rf8 27. Qd2 Qc7 28. Rd7 Qc8 29. h4 g6 30. Qd4 Qa8 31. Qd6 Qh1 32. Rd8 Rxd8 33. Qxd8+ Kg7 34. Qf6+ Kg8 35. Qd8+ Kg7 36. Qd4+ Kg8 37. c4 bxc4 38. bxc4 Qxh4 39. c5 e5 40. Qxe5 Qxf2+ 41. Kb3 Qf3+ 42. Kc4 Qc6 43. Qd6 Qe4+ 44. Qd4 Qe2+ 45. Kb3 Qf3+ 46. Ka4 Qc6+ 47. Kb4 Qb5+ 48. Kc3 Qa5+ 49. Qb4 Qd8 50. c6 Qd1 51. Qb8+ Kg7 52. c7 Qc1+ 53. Kd4 Qxf4+ 54. Kc5 Qxg5+ 55. Kb6 Qb5+ 56. Ka7 Qc5+ 57. Ka8 Qxa3 58. c8Q Qf3+ 59. Qbb7 Qf6 60. Qcb8 Qf1 61. Qb2+ f6 62. Qc7+ Kh6 63. Qbh2+ Kg5 64. Qhg3+ Kf5 65. Qc5+ Ke4 66. Qge3# 1-0

[Event "British Columbia-ch U20"]
[Site "Vancouver"]
[Date "2018.11.10"]
[Round "1.4"]
[White "Trenton, Isaac"]
[Black "Zhu, Brandon"]
[Result "0-1"]
[WhiteElo "1537"]
[BlackElo "2102"]
[PlyCount "98"]
[EventDate "2018.11.10"]
[EventType "swiss"]
[EventRounds "5"]
[EventCountry "CAN"]
[SourceTitle "EXT 2022"]
[Source "ChessBase"]
[SourceDate "2021.10.06"]
[SourceVersion "1"]
[SourceVersionDate "2021.10.06"]
[SourceQuality "1"]

1. d4 d5 2. Bf4 Nf6 3. e3 c5 4. c3 Nc6 5. Bd3 Qb6 6. Qb3 c4 7. Qxb6 axb6 8. Bc2 e6 9. Nd2 b5 10. Ngf3 Be7 11. 0-0 0-0 12. h3 b4 13. e4 Bd7 14. Bg5 h6 15. Bxf6 Bxf6 16. a3 bxc3 17. bxc3 b5 18. exd5 exd5 19. Rfe1 Rfb8 20. Nf1 Be6 21. Ng3 Be7 22. Ne5 Nxe5 23. Rxe5 Bd6 24. Re3 Bxa3 25. Bf5 Bb2 26. Rae1 Ra1 27. Kf1 Rba8 28. Bxe6 fxe6 29. Ne2 R8a3 30. Rxe6 Bxc3 31. Nxc3 Rxe1+ 32. Kxe1 Rxc3 33. Rb6 Rb3 34. Kd2 Kf7 35. Kc2 b4 36. Rd6 Ra3 37. Rxd5 Ra2+ 38. Kc1 Rxf2 39. Rc5 c3 40. Rc4 Rb2 41. d5 Ke7 42. Rc7+ Kd6 43. Rxg7 Kxd5 44. Rg6 Rf2 45. Rb6 Kc4 46. g4 Rf1+ 47. Kc2 b3+ 48. Rxb3 Rf2+ 49. Kc1 Kxb3 0-1

[Event "Wch U18"]
[Site "Porto Carras"]
[Date "2018.10.29"]
[Round "10.35"]
[White "Alexakis, Dimitris"]
[Black "Zhu, Brandon"]
[Result "1-0"]
[WhiteElo "2186"]
[BlackElo "1914"]
[PlyCount "133"]
[EventDate "2018.10.20"]
[EventType "swiss"]
[EventRounds "11"]
[EventCountry "GRE"]
[SourceTitle "CBM 187 Extra"]
[Source "ChessBase"]
[SourceDate "2018.11.04"]
[SourceVersion "1"]
[SourceVersionDate "2018.11.04"]
[SourceQuality "1"]

1. e4 c5 2. Nf3 g6 3. c4 Bg7 4. d4 cxd4 5. Nxd4 Nc6 6. Be3 Nf6 7. Nc3 0-0 8. Be2 d6 9. 0-0 Bd7 10. f3 Nxd4 11. Bxd4 Bc6 12. b4 b6 13. Qd2 Nd7 14. Bxg7 Kxg7 15. Nd5 Rc8 16. Rac1 Bb7 17. a3 Re8 18. Rfd1 Kg8 19. Qb2 Rb8 20. Ne3 h5 21. Nd5 Qc8 22. Qd2 Kg7 23. Qd4+ Kh7 24. Rf1 Qd8 25. Qe3 e6 26. Nc3 d5 27. cxd5 exd5 28. Bb5 Re7 29. Rfd1 Nf8 30. Qf2 Rc8 31. Nxd5 Rxc1 32. Rxc1 Bxd5 33. Rd1 Ne6 34. Rxd5 Qc7 35. Qd2 h4 36. Bf1 Nf4 37. Rd6 Nh5 38. Rd8 f6 39. Rd3 g5 40. Rc3 Qe5 41. Rc4 Nf4 42. Qd4 Qe6 43. Qc3 Rd7 44. Rc7 Kg6 45. Rxd7 Qxd7 46. e5 Qd1 47. Kf2 f5 48. g3 hxg3+ 49. hxg3 Ne6 50. Qd3 Qa1 51. Qd6 Qa2+ 52. Kg1 Qb3 53. Bd3 Qd1+ 54. Kg2 Qd2+ 55. Kh3 g4+ 56. fxg4 Qh6+ 57. Kg2 Qd2+ 58. Kf1 Kg5 59. Be2 Qxd6 60. exd6 fxg4 61. Kf2 a5 62. Ke3 axb4 63. axb4 Kf5 64. d7 Nd8 65. Kd4 Nc6+ 66. Kd5 Nxb4+ 67. Kd6 1-0

[Event "Wch U18"]
[Site "Porto Carras"]
[Date "2018.10.26"]
[Round "7"]
[White "Galiana Fernandez, Adrian"]
[Black "Zhu, Brandon"]
[Result "0-1"]
[WhiteElo "2261"]
[BlackElo "1914"]
[PlyCount "80"]
[EventDate "2018.10.20"]
[EventType "swiss"]
[EventRounds "11"]
[EventCountry "GRE"]
[SourceTitle "CBM 187 Extra"]
[Source "ChessBase"]
[SourceDate "2018.11.04"]
[SourceVersion "1"]
[SourceVersionDate "2018.11.04"]
[SourceQuality "1"]

1. e4 e5 2. Nf3 Nc6 3. Bc4 Nf6 4. d3 Be7 5. 0-0 0-0 6. Re1 d6 7. a4 Na5 8. Ba2 c5 9. c3 Nc6 10. Na3 Re8 11. Bg5 Nd7 12. Bd2 Bf6 13. b4 cxb4 14. cxb4 a5 15. Nb5 Nf8 16. bxa5 Ne6 17. Qb3 Qe7 18. Qa3 Nc5 19. Rac1 b6 20. Bd5 Bb7 21. Nxd6 Qxd6 22. axb6 Be7 23. a5 Rec8 24. Bg5 Bf8 25. Bd2 h6 26. Qa2 Nxd3 27. Bxf7+ Kh8 28. Be6 Nxe1 29. Rxe1 Rd8 30. Re3 Nd4 31. Ng5 Qe7 32. Nf7+ Kh7 33. Bc4 Rdc8 34. Rh3 Rxc4 35. Qxc4 Ne2+ 36. Kh1 Nf4 37. Bxf4 exf4 38. e5 Rxa5 39. Qc3 Rc5 40. Qd3+ g6 0-1

[Event "Langley op"]
[Site "Langley"]
[Date "2018.09.02"]
[Round "3.5"]
[White "Wu, Charles"]
[Black "Zhu, Brandon"]
[Result "0-1"]
[WhiteElo "1676"]
[BlackElo "2101"]
[PlyCount "80"]
[EventDate "2018.09.01"]
[EventType "swiss"]
[EventRounds "6"]
[EventCountry "CAN"]
[SourceTitle "EXT 2022"]
[Source "ChessBase"]
[SourceDate "2021.10.06"]
[SourceVersion "1"]
[SourceVersionDate "2021.10.06"]
[SourceQuality "1"]

1. d4 d5 2. Bf4 Nf6 3. e3 e6 4. Nd2 Bd6 5. Bg3 0-0 6. Ngf3 b6 7. Bd3 c5 8. c3 Ba6 9. Bxa6 Nxa6 10. Ne5 Nb8 11. 0-0 Qc7 12. Rc1 g6 13. f4 Nh5 14. Qg4 Ng7 15. Bh4 f6 16. Nxg6 hxg6 17. Qxg6 Qf7 18. Qg4 Qh5 19. Qh3 Nc6 20. Rf3 Nf5 21. Rg3+ Kf7 22. e4 Qxh4 23. exf5 Qxh3 24. Rxh3 exf5 25. g3 cxd4 26. Rh7+ Kg6 27. Rd7 Rfd8 28. Rxd8 Rxd8 29. Nf3 dxc3 30. Rxc3 Bc5+ 31. Kf1 d4 32. Rc1 Kh5 33. a3 a5 34. h3 Ne7 35. Nd2 Nd5 36. Nb3 d3 37. Ke1 Re8+ 38. Kd1 Re2 39. Rxc5 bxc5 40. Nxc5 Ne3+ 0-1

[Event "Langley op"]
[Site "Langley"]
[Date "2018.09.02"]
[Round "4.1"]
[White "Zhu, Brandon"]
[Black "Sohal, Tanraj"]
[Result "1/2-1/2"]
[WhiteElo "2101"]
[BlackElo "2393"]
[PlyCount "46"]
[EventDate "2018.09.01"]
[EventType "swiss"]
[EventRounds "6"]
[EventCountry "CAN"]
[SourceTitle "EXT 2022"]
[Source "ChessBase"]
[SourceDate "2021.10.06"]
[SourceVersion "1"]
[SourceVersionDate "2021.10.06"]
[SourceQuality "1"]

1. d4 Nf6 2. c4 e6 3. Nf3 d5 4. g3 Nc6 5. Bg2 dxc4 6. Qa4 Bb4+ 7. Bd2 Nd5 8. Bxb4 Ndxb4 9. a3 b5 10. Qxb5 Nc2+ 11. Kd2 Bd7 12. Kxc2 Nxd4+ 13. Nxd4 Bxb5 14. Nxb5 Rb8 15. Rd1 Qf6 16. Bc6+ Kf8 17. N1c3 Qxf2 18. Nd4 Qe3 19. Bb5 g6 20. Bxc4 Kg7 21. Rd3 Qg5 22. Rf1 Rb6 23. Rdf3 Qe7 1/2-1/2

[Event "CAN-ch U18"]
[Site "Toronto"]
[Date "2018.08.12"]
[Round "9"]
[White "Plotkin, Mark"]
[Black "Zhu, Brandon"]
[Result "1-0"]
[WhiteElo "2304"]
[BlackElo "1962"]
[PlyCount "109"]
[EventDate "2018.08.08"]
[EventType "tourn"]
[EventRounds "9"]
[EventCountry "CAN"]
[SourceTitle "CBM 186 Extra"]
[Source "ChessBase"]
[SourceDate "2018.08.24"]
[SourceVersion "1"]
[SourceVersionDate "2018.08.24"]
[SourceQuality "1"]

1. e4 e5 2. Nf3 Nc6 3. Bc4 Nf6 4. d3 Be7 5. 0-0 0-0 6. c3 d6 7. Re1 Na5 8. Bb5 a6 9. Ba4 b5 10. Bc2 c5 11. Nbd2 Nc6 12. Nf1 h6 13. Ng3 Re8 14. h3 Bf8 15. d4 cxd4 16. cxd4 exd4 17. Nxd4 Nxd4 18. Qxd4 Be6 19. Bf4 Rc8 20. Bb3 d5 21. e5 Bc5 22. Qd3 Nh7 23. Rad1 Qb6 24. Re2 Red8 25. Nh5 Bf8 26. Qg3 Kh8 27. Bc2 g6 28. Nf6 Bg7 29. Qf3 Qb7 30. Qe3 Qe7 31. Bxh6 Bxf6 32. exf6 Qxf6 33. Bf4 Kg8 34. Be5 Qh4 35. Rd4 Qh5 36. Bd1 Re8 37. Re1 Qg5 38. Bb3 Qxe3 39. Rxe3 Rc1+ 40. Kh2 Rd8 41. Red3 Rc5 42. h4 a5 43. h5 f6 44. hxg6 fxe5 45. gxh7+ Kh8 46. Rh4 Rd7 47. Re3 d4 48. Rf3 Rf7 49. Bxe6 Rxf3 50. gxf3 d3 51. Rg4 d2 52. Bf5 Rc8 53. Bxc8 d1Q 54. Bf5 Qxf3 55. Rg8# 1-0

[Event "CAN-ch U18"]
[Site "Toronto"]
[Date "2018.08.11"]
[Round "7"]
[White "Zhu, Brandon"]
[Black "Qiao, Cindy"]
[Result "1/2-1/2"]
[WhiteElo "1962"]
[BlackElo "1814"]
[PlyCount "144"]
[EventDate "2018.08.08"]
[EventType "tourn"]
[EventRounds "9"]
[EventCountry "CAN"]
[SourceTitle "CBM 186 Extra"]
[Source "ChessBase"]
[SourceDate "2018.08.24"]
[SourceVersion "1"]
[SourceVersionDate "2018.08.24"]
[SourceQuality "1"]

1. e3 d5 2. c4 e6 3. Nf3 Nf6 4. b3 Nbd7 5. Bb2 Be7 6. Qc2 c6 7. Nc3 Qa5 8. a3 dxc4 9. bxc4 e5 10. Be2 b6 11. 0-0 Bb7 12. Rfd1 0-0 13. d4 exd4 14. exd4 Rac8 15. Rd2 Rfd8 16. Rad1 Nf8 17. Ne5 Ng6 18. Nxg6 hxg6 19. Bf3 Rd7 20. Na4 b5 21. Nc5 Bxc5 22. dxc5 Rxd2 23. Qxd2 Qxd2 24. Rxd2 bxc4 25. Kf1 Nd5 26. Rc2 Ba6 27. Be2 Rb8 28. Bc1 Rb3 29. Bxc4 Bxc4+ 30. Rxc4 Kf8 31. Ke1 Ke7 32. Ra4 Rc3 33. Rxa7+ Kf8 34. Bg5 f6 35. Bd2 Rxc5 36. Ke2 Ne7 37. Kd3 Rd5+ 38. Kc2 Kf7 39. Bb4 c5 40. Bd2 Ke6 41. Kc3 Rd4 42. Kc2 Rd5 43. a4 Nf5 44. Kc3 Nd6 45. f3 c4 46. Rxg7 Rd3+ 47. Kc2 Nf5 48. Rc7 Nd4+ 49. Kd1 Nb3 50. Rxc4 Rxd2+ 51. Ke1 Rxg2 52. Rg4 Rxg4 53. fxg4 Ke5 54. Kf2 Kf4 55. h3 Na5 56. Kg2 Nc4 57. Kf2 Na5 58. Kg2 g5 59. Kf2 Nc6 60. Kg2 Na5 61. Kf2 Nb3 62. Kg2 Nc5 63. a5 Ke3 64. Kg3 Ne4+ 65. Kh2 Nc5 66. Kg3 Ke4 67. h4 gxh4+ 68. Kxh4 Kf4 69. Kh5 Na6 70. Kg6 Ke5 71. g5 fxg5 72. Kxg5 Kd5 1/2-1/2

[Event "Quebec op"]
[Site "Quebec"]
[Date "2018.07.27"]
[Round "8"]
[White "Zhu, Brandon"]
[Black "Saha, Ananda"]
[Result "1/2-1/2"]
[WhiteElo "1959"]
[BlackElo "1950"]
[PlyCount "98"]
[EventDate "2018.07.21"]
[EventType "swiss"]
[EventRounds "9"]
[EventCountry "CAN"]
[SourceTitle "CBM 186 Extra"]
[Source "ChessBase"]
[SourceDate "2018.08.24"]
[SourceVersion "1"]
[SourceVersionDate "2018.08.24"]
[SourceQuality "1"]

1. d4 Nf6 2. c4 g6 3. g3 Bg7 4. Bg2 d6 5. Nc3 0-0 6. Nf3 c6 7. 0-0 Nbd7 8. h3 Qc7 9. e4 e5 10. Be3 Re8 11. Qc2 b5 12. cxb5 cxb5 13. Rac1 Qa5 14. b3 Ba6 15. Rfe1 Rac8 16. a3 d5 17. Nxe5 Nxe5 18. dxe5 Nxe4 19. Bxe4 dxe4 20. Qxe4 Rxe5 21. Qd3 Qxa3 22. Ra1 Qxb3 23. Rxa6 Qxc3 24. Qxc3 Rxc3 25. Rd1 Re8 26. Rxa7 b4 27. Rdd7 Rf8 28. Rab7 Rc4 29. Bd2 Bc3 30. Bh6 Bg7 31. Bd2 Bc3 32. Bh6 Ra8 33. Rxf7 b3 34. Bg7 b2 35. Bxc3 b1Q+ 36. Rxb1 Kxf7 37. Bd2 Rc7 38. Be3 Ra2 39. Kg2 Ke6 40. Rb5 Rd7 41. h4 h5 42. Rb8 Kd5 43. Rb6 Rg7 44. Kf3 Ra4 45. Rb5+ Kc4 46. Rc5+ Kd3 47. Rd5+ Kc2 48. Rd6 Rg8 49. Rc6+ Kb3 1/2-1/2

[Event "Quebec op"]
[Site "Quebec"]
[Date "2018.07.25"]
[Round "6"]
[White "Zhu, Brandon"]
[Black "Van Hoolandt, Patrick"]
[Result "1-0"]
[WhiteElo "1959"]
[BlackElo "2065"]
[PlyCount "95"]
[EventDate "2018.07.21"]
[EventType "swiss"]
[EventRounds "9"]
[EventCountry "CAN"]
[SourceTitle "CBM 186 Extra"]
[Source "ChessBase"]
[SourceDate "2018.08.24"]
[SourceVersion "1"]
[SourceVersionDate "2018.08.24"]
[SourceQuality "1"]

1. e4 e5 2. Nf3 Nc6 3. Bb5 Nf6 4. 0-0 Nxe4 5. d4 Nd6 6. Ba4 e4 7. Ne5 Be7 8. Nc3 Bf6 9. Bf4 0-0 10. Nd5 Re8 11. Nxf7 Kxf7 12. Qh5+ Kg8 13. Bxd6 cxd6 14. Nc7 Rf8 15. Nxa8 Ne7 16. Bb3+ Kh8 17. Rae1 b6 18. Nxb6 Qxb6 19. Rxe4 d5 20. Rf4 Qe6 21. Qd1 Ng6 22. Rf3 Nh4 23. Re3 Qf7 24. Qd3 d6 25. c3 Bg5 26. Re2 Bf5 27. Qg3 Qg6 28. Rfe1 Be4 29. f3 Nf5 30. Qh3 Bd3 31. Re6 Bf6 32. Bxd5 Nxd4 33. cxd4 Bf5 34. Qg3 Bxd4+ 35. R6e3 Qe8 36. Qf2 Qb5 37. Bb3 a5 38. Bd1 Qb6 39. Kh1 Bd7 40. Qd2 Bxe3 41. Rxe3 Qc5 42. Re7 d5 43. Qe1 Bb5 44. Qe5 Rg8 45. h3 a4 46. f4 Qb4 47. Bc2 Qd2 48. Qf5 1-0

[Event "Quebec op"]
[Site "Quebec"]
[Date "2018.07.22"]
[Round "3"]
[White "Prahov, Valentin Asenov"]
[Black "Zhu, Brandon"]
[Result "0-1"]
[WhiteElo "2105"]
[BlackElo "1959"]
[PlyCount "98"]
[EventDate "2018.07.21"]
[EventType "swiss"]
[EventRounds "9"]
[EventCountry "CAN"]
[SourceTitle "CBM 186 Extra"]
[Source "ChessBase"]
[SourceDate "2018.08.24"]
[SourceVersion "1"]
[SourceVersionDate "2018.08.24"]
[SourceQuality "1"]

1. e4 e5 2. d4 exd4 3. Qxd4 Nc6 4. Qe3 Nf6 5. Nc3 Bb4 6. Bd2 0-0 7. 0-0-0 Re8 8. Qg3 Nxe4 9. Nxe4 Rxe4 10. Bxb4 Nxb4 11. a3 Nc6 12. Bd3 Re8 13. Nf3 h6 14. Rhe1 Rxe1 15. Rxe1 d6 16. Qf4 Bd7 17. g4 Qf6 18. Qxf6 gxf6 19. h3 Ne5 20. Be4 c6 21. Nh4 Re8 22. Re3 Nc4 23. Re2 d5 24. Bd3 Rxe2 25. Bxe2 Nd6 26. Bd3 Kg7 27. Nf5+ Nxf5 28. Bxf5 Be6 29. c3 h5 30. Kd2 hxg4 31. Bxg4 Bxg4 32. hxg4 f5 33. f3 fxg4 34. fxg4 Kg6 35. Ke3 Kg5 36. Kf3 c5 37. b4 b6 38. bxc5 bxc5 39. a4 a5 40. Kg3 d4 41. cxd4 cxd4 42. Kf3 d3 43. Ke3 d2 44. Kxd2 Kxg4 45. Ke2 Kg3 46. Kf1 Kf3 47. Ke1 f5 48. Kf1 f4 49. Ke1 Kg2 0-1

[Event "Quebec op"]
[Site "Quebec"]
[Date "2018.07.21"]
[Round "1"]
[White "Kaufman, Raymond"]
[Black "Zhu, Brandon"]
[Result "1/2-1/2"]
[WhiteElo "2201"]
[BlackElo "1959"]
[PlyCount "123"]
[EventDate "2018.07.21"]
[EventType "swiss"]
[EventRounds "9"]
[EventCountry "CAN"]
[SourceTitle "CBM 186 Extra"]
[Source "ChessBase"]
[SourceDate "2018.08.24"]
[SourceVersion "1"]
[SourceVersionDate "2018.08.24"]
[SourceQuality "1"]

1. d4 Nf6 2. c4 e6 3. Nc3 Bb4 4. e3 0-0 5. Bd3 d5 6. cxd5 exd5 7. Nge2 Re8 8. Qc2 Nbd7 9. Bd2 Nf8 10. 0-0-0 c6 11. f3 b5 12. g4 a5 13. g5 N6d7 14. e4 Nb6 15. Kb1 Ba6 16. Rhg1 Qd7 17. e5 Bxc3 18. Nxc3 b4 19. Bf5 Qa7 20. Na4 Nxa4 21. Qxa4 Bb5 22. Qc2 Qxd4 23. f4 g6 24. Bc1 Qc4 25. Bd3 Qxc2+ 26. Bxc2 Ne6 27. f5 gxf5 28. Bxf5 Ng7 29. Bc2 Rxe5 30. Rd4 Ne6 31. Rh4 Nf8 32. Rh6 Rae8 33. Rg3 R8e6 34. h4 c5 35. h5 Be8 36. Rf6 Kg7 37. Rgf3 c4 38. Bf5 Rxf6 39. gxf6+ Kxf6 40. Bxh7+ Kg7 41. Bf5 f6 42. h6+ Kh8 43. Bc2 Re6 44. Rg3 d4 45. Rg1 d3 46. Bd1 c3 47. bxc3 bxc3 48. Bb3 d2 49. Bxe6 Nxe6 50. Kc2 Ba4+ 51. Kxc3 d1Q 52. Rxd1 Bxd1 53. Kd2 Ba4 54. Bb2 Be8 55. Bxf6+ Kh7 56. Bg7 Nxg7 57. hxg7 Kxg7 58. Kc3 Kf6 59. Kb2 Ke5 60. Ka1 Kd4 61. Kb2 Kc4 62. Kb1 1/2-1/2

[Event "Canadian op"]
[Site "Quebec"]
[Date "2018.07.13"]
[Round "8"]
[White "Zhu, Brandon"]
[Black "Acosta, Mariano"]
[Result "0-1"]
[WhiteElo "1959"]
[BlackElo "1802"]
[PlyCount "180"]
[EventDate "2018.07.07"]
[EventType "swiss"]
[EventRounds "9"]
[EventCountry "CAN"]
[SourceTitle "EXT 2019"]
[Source "ChessBase"]
[SourceDate "2018.10.10"]
[SourceVersion "1"]
[SourceVersionDate "2018.10.10"]
[SourceQuality "1"]

1. d4 d6 2. Nf3 Nf6 3. e3 g6 4. b3 Bg7 5. Bb2 0-0 6. Be2 c5 7. 0-0 cxd4 8. Nxd4 Nc6 9. Bf3 Bd7 10. c4 Re8 11. Nc2 Qc8 12. Nc3 Ne5 13. Be2 h5 14. Rc1 b6 15. Nd4 Bg4 16. Bxg4 hxg4 17. Nd5 Qd7 18. Qe2 Rac8 19. Nb5 Ne4 20. f3 gxf3 21. gxf3 Nc5 22. Rcd1 f5 23. Kh1 Kf7 24. Nxe7 Qxe7 25. Nxd6+ Kg8 26. Nxc8 Rxc8 27. Rd5 Kf7 28. Rfd1 a5 29. a3 Rc7 30. e4 f4 31. Qg2 Ncd7 32. Qh3 Nf8 33. Bd4 Ned7 34. Bxg7 Kxg7 35. Rd6 a4 36. b4 Ne5 37. Rxb6 Nxc4 38. Ra6 Nxa3 39. Rxa4 Nc4 40. Rb1 Ne3 41. Ra8 Qxb4 42. Rg1 Qe7 43. Qh5 Qf6 44. Qa5 Rc2 45. Qa1 Qxa1 46. Rgxa1 Ne6 47. R8a2 Rxa2 48. Rxa2 Nd4 49. Rf2 Kh6 50. h3 Kg5 51. Kh2 Kh4 52. e5 Kg5 53. Kh1 Kf5 54. h4 Ne6 55. Rh2 Ng7 56. Ra2 Kxe5 57. Ra5+ Kf6 58. Kg1 Nef5 59. Kf2 Nxh4 60. Ke2 Ne6 61. Rd5 g5 62. Kf2 Nf5 63. Ra5 Kg6 64. Ra6 Nfd4 65. Rd6 Kf6 66. Rd5 Nc6 67. Rc5 Ne5 68. Rd5 Kf5 69. Ke2 Nf8 70. Rd8 Nfg6 71. Rg8 Nh4 72. Rf8+ Ke6 73. Re8+ Kf6 74. Rf8+ Ke7 75. Ra8 Nhxf3 76. Ra6 Nd4+ 77. Kf2 Ne6 78. Kg2 Kf6 79. Kh3 Kf5 80. Ra5 g4+ 81. Kg2 Ng5 82. Kf2 Ne4+ 83. Kg2 f3+ 84. Kh2 Kf4 85. Ra8 g3+ 86. Kg1 Ng5 87. Ra2 Ke3 88. Kf1 Nd3 89. Rh2 Ne4 90. Rh3 Nd2+ 0-1

[Event "Keres Memorial 43th"]
[Site "Vancouver"]
[Date "2018.05.19"]
[Round "1"]
[White "Zhu, Brandon"]
[Black "Kaufman, Raymond"]
[Result "0-1"]
[WhiteElo "1988"]
[BlackElo "2195"]
[PlyCount "108"]
[EventDate "2018.05.19"]
[EventType "swiss"]
[EventRounds "6"]
[EventCountry "CAN"]
[SourceTitle "EXT 2019"]
[Source "ChessBase"]
[SourceDate "2018.10.10"]
[SourceVersion "1"]
[SourceVersionDate "2018.10.10"]
[SourceQuality "1"]

1. Nf3 d5 2. e3 Nf6 3. c4 e6 4. b3 Be7 5. Bb2 0-0 6. Nc3 c5 7. cxd5 exd5 8. d4 Nc6 9. Be2 Re8 10. 0-0 Bg4 11. dxc5 Bxc5 12. Nb5 Ne4 13. Nfd4 Bd7 14. Nf3 a6 15. Nc3 Nxc3 16. Bxc3 Bg4 17. Qd2 Qb6 18. Qb2 Bxf3 19. Bxf3 d4 20. exd4 Nxd4 21. Bd1 Nb5 22. Rb1 Ba3 23. Qa1 Rad8 24. Bf3 Rd3 25. Rbe1 Rxe1 26. Bxe1 Rxf3 27. gxf3 Nd4 28. Qd1 Qf6 29. f4 Qxf4 30. f3 h5 31. Bc3 Qe3+ 32. Kg2 Qxc3 33. Qe1 Qc2+ 34. Rf2 Qc6 35. Qe5 Ne6 36. Qb8+ Kh7 37. Qe5 Bd6 38. Qf5+ Kg8 39. Rc2 Nf4+ 40. Kf2 Qb6+ 41. Kf1 g6 42. Qc8+ Kh7 43. Qc4 Ne6 44. a4 Qe3 45. Re2 Qxf3+ 46. Rf2 Qh1+ 47. Ke2 Kh6 48. Rxf7 Qxh2+ 49. Kd1 Qg1+ 50. Ke2 Nd4+ 51. Kd3 Qd1+ 52. Ke4 Nf5 53. Qc3 Ng3+ 54. Ke3 Qe2+ 0-1

[Event "Vancouver Intermat"]
[Site "Vancouver"]
[Date "2018.05.05"]
[Round "2.26"]
[White "Taylor, Thomas"]
[Black "Zhu, Brandon"]
[Result "0-1"]
[WhiteElo "1909"]
[BlackElo "2053"]
[PlyCount "66"]
[EventDate "2018.05.05"]
[EventType "tourn"]
[EventRounds "2"]
[EventCountry "CAN"]
[SourceTitle "EXT 2022"]
[Source "ChessBase"]
[SourceDate "2021.10.06"]
[SourceVersion "1"]
[SourceVersionDate "2021.10.06"]
[SourceQuality "1"]

1. c4 g6 2. g3 f5 3. Bg2 Nf6 4. Nc3 Bg7 5. d3 d6 6. Nf3 0-0 7. 0-0 e5 8. Rb1 h6 9. b4 Qe8 10. e4 f4 11. Nd5 Nxd5 12. cxd5 g5 13. h3 g4 14. hxg4 Bxg4 15. Qc2 Qh5 16. Nh2 f3 17. Bh1 Rf7 18. Re1 Na6 19. Be3 Qg6 20. Rec1 Raf8 21. Rb2 Bh3 22. Qd1 Bg4 23. a3 h5 24. Rcc2 Bh6 25. Qe1 Bh3 26. Nxf3 Rxf3 27. Bxf3 Rxf3 28. Re2 Bf4 29. Kh2 Bd7 30. Qg1 h4 31. Qg2 hxg3+ 32. fxg3 Qh6+ 33. Kg1 Bxe3+ 0-1